00402nam a22001217a 4500003000400000005001700004008004100021040000800062050002200070100001400092245012600106260004800232OSt20200616132741.0200616b xxu||||| |||| 00| 0 eng d cN/A aPR2807.A2H68 1963 aCyrus Hoy aWilliam Shakespear's Hamletban authoritative text inteelectual backgrounds extracts from the sources essays in criticism aCaliforniabW.W. Norton & Company Incc1963